Poems and prophecies /

Saved in:
Bibliographic Details
Main Author: Blake, William.
Format: Book
Language:English
Published: London : David Campbell, 1991.
Subjects:
Tags: Add Tag
No Tags, Be the first to tag this record!
Institutions: Mạng thư viện Đại học Đà Nẵng
LEADER 00919cam a2200361 i 4500
001 000047241
003 6833
005 20041027095207.0
008 010310b1991 vm 000 eng
020 |a 1857150341 
022 |a T 
040 |a IRC  |c IRC  |d IRC 
041 0 |a eng 
082 1 4 |a 821  |b BL-W 
100 1 |a Blake, William. 
245 1 0 |a Poems and prophecies /  |c William Blake ; introduced by Kathleen Raine. 
260 |a London :  |b David Campbell,  |c 1991. 
300 |a 497 p. ;  |c 20.5 cm. 
630 0 4 |a British literature. 
630 0 4 |a British Poetry. 
630 0 4 |a William Blake. 
630 0 4 |a Poems and Prophecies. 
650 0 4 |a Literature, British  |x Poetry. 
OWN |a DUT 
999 |a From the UDN01 
TYP |a Monograph 
TYP |a Printed language 
980 |a Mạng thư viện Đại học Đà Nẵng